|
|
|
|
| LEADER |
00000nab a2200000Ia 4500 |
| 001 |
vtls010832463 |
| 003 |
SK-MaSNL |
| 005 |
20260303104150.0 |
| 008 |
230121|2001 xo |||||||||||||||||slo| |
| 035 |
|
|
|a (urnnbn)urn:nbn:sk:snk:ar-a06l5u
|
| 035 |
|
|
|a urn:nbn:sk:snk-ab5x44
|
| 035 |
|
|
|a (uuid)b8e0e6bd-c7e1-4510-9633-e4470bc7d4f8
|
| 040 |
|
|
|a SNKBUCL
|b slo
|c SNKBUCL
|e AACR2
|
| 041 |
1 |
|
|a slo
|h ger
|
| 044 |
|
|
|a xo
|c SK
|
| 080 |
|
|
|a 027.021
|2 2001
|
| 080 |
|
|
|a 023.5
|2 2011
|
| 100 |
1 |
|
|a Soecknick-Scholz, R.
|4 aut
|9 1118436
|
| 245 |
1 |
0 |
|a Meniace sa úlohy a nástroje a rola i budúcnosť špecializovaných knihovníkov vo vedeckých knižniciach
|b (Univerzitná knižnica v Oldenburgu, Nemecko)
|c R. Soecknick-Scholz
|
| 504 |
|
|
|a Bibliogr. odkazy
|
| 650 |
0 |
7 |
|a vedecké knižnice
|2 SNKPH
|9 49795
|
| 650 |
0 |
7 |
|a knihovníci
|2 SNKPH
|9 4220
|
| 773 |
0 |
|
|t Bulletin Slovenskej asociácie knižníc
|g Roč. 9, č. 3 (2001), s. 50-54
|
| 954 |
|
|
|a odborná, vedecká literatúra cudzojazyčná (svetová)
|2 lita
|
| 958 |
|
|
|a OND
|
| 958 |
|
|
|a EUIPO
|
| 958 |
|
|
|a article5
|
| 999 |
|
|
|c 1854708
|d 1856638
|